The gollancz book of south asian science fiction/ (Record no. 172307)

MARC details
000 -LEADER
fixed length control field 00562nam a22001817a 4500
005 - DATE AND TIME OF LATEST TRANSACTION
control field 20200131124210.0
010 ## - LCCN (DPL NO)
LC control number ENG-127588
020 ## - INTERNATIONAL STANDARD BOOK NUMBER
International Standard Book Number 9789388322058
Terms of availability 599.00
035 ## - SYSTEM CONTROL NUMBER
System control number EN-111120
037 ## - SOURCE OF ACQUISITION
Source of stock number/acquisition DBAD/PUB
082 ## - DEWEY DECIMAL CLASSIFICATION NUMBER
Classification number 500
245 ## - TITLE STATEMENT
Title The gollancz book of south asian science fiction/
Remainder of title edited by Tarun H. Saint
260 ## - PUBLICATION, DISTRIBUTION, ETC. (IMPRINT)
Place of publication, distribution, etc Gurugram
Name of publisher, distributor, etc Hachette India
Date of publication, distribution, etc 2019
270 ## - ADDRESS
City Gurugram
Address 4th & 5th floor , corporate centre, plot no-94,sector-44
Postal code 122003
300 ## - PHYSICAL DESCRIPTION
Extent vii;375p.
Other physical details 22 cm(hb)
500 ## - GENERAL NOTE
General note
942 ## - ADDED ENTRY ELEMENTS (KOHA)
Source of classification or shelving scheme Dewey Decimal Classification
Item type English Books
Classification part 500
Call number suffix GOL
Holdings
Withdrawn status Lost status Not for loan Collection code Home library Current library Date acquired Source of acquisition Cost, normal purchase price Full call number Barcode Copy number Cost, replacement price Koha item type
      Non-fiction Sarojini Nagar Sarojini Nagar 31/01/2020 DBAD/PUB 599.00 500 GOL EN-111120 1 599.00 English Books

© Delhi Public Library
Hit Counter
free hit counter